000 00747nam a2200217 a 4500
001 000046949
005 20201002053232.0
008 091120s2013 dr a r 001 0 spa d
020 _z9789945 461907(v. 1)
040 _aDO-SdBNP
_bspa
_cBNPHU
082 _axxxx
_bxxxx
100 1 _aOliveros, Verónica
_974517
245 1 0 _aCaligrafía 1 :
_bnivel inicial -3 años de edad /
_cVerónica Oliveros, actualizada por María del Jesús de la Rosa.
260 _aSanto Domingo :
_bActualidad escolar,
_c2013.
300 _av. :
_bil. ;
_c22 cm.
490 1 _aVeraz
590 _aInventariado, 2018/V|M
700 1 _aJesús de la Rosa, María del
_929833
710 2 _aActualidad escolar 2000, (República Dominicana)
_973571
830 0 _aVeraz
_974848
999 _c46437
_d46437